<?xml version="1.0" encoding="UTF-8"?>
<record
    xmlns:xsi="http://www.w3.org/2001/XMLSchema-instance"
    xsi:schemaLocation="http://www.loc.gov/MARC21/slim http://www.loc.gov/standards/marcxml/schema/MARC21slim.xsd"
    xmlns="http://www.loc.gov/MARC21/slim">

  <leader>00873nam a22002417a 4500</leader>
  <controlfield tag="005">20250927072816.0</controlfield>
  <controlfield tag="008">250927b        |||||||| |||| 00| 0 eng d</controlfield>
  <datafield tag="017" ind1=" " ind2=" ">
    <subfield code="a">LD.2727</subfield>
  </datafield>
  <datafield tag="018" ind1=" " ind2=" ">
    <subfield code="a">2025</subfield>
  </datafield>
  <datafield tag="020" ind1=" " ind2=" ">
    <subfield code="a">9789787860472</subfield>
  </datafield>
  <datafield tag="040" ind1=" " ind2=" ">
    <subfield code="a">NLN</subfield>
    <subfield code="b">English</subfield>
    <subfield code="e">AACR2</subfield>
  </datafield>
  <datafield tag="050" ind1=" " ind2=" ">
    <subfield code="a">QA76.9.A73</subfield>
    <subfield code="b">N277</subfield>
  </datafield>
  <datafield tag="082" ind1=" " ind2=" ">
    <subfield code="a">004.22</subfield>
  </datafield>
  <datafield tag="110" ind1=" " ind2=" ">
    <subfield code="a">NATIONAL Open University of Nigeria</subfield>
    <subfield code="9">19990</subfield>
  </datafield>
  <datafield tag="245" ind1=" " ind2=" ">
    <subfield code="a">CIT 309 :</subfield>
    <subfield code="b">computer architecture /</subfield>
    <subfield code="c">National Open University of Nigeria</subfield>
  </datafield>
  <datafield tag="260" ind1=" " ind2=" ">
    <subfield code="a">Jabi, Abuja (National Open University of Nigeria Headquarters, University Village, Plot 91, Cadastral Zone Nnamdi Azikiwe Express way) : </subfield>
    <subfield code="b">National Open University of Nigeria Press,</subfield>
    <subfield code="c">2024</subfield>
  </datafield>
  <datafield tag="300" ind1=" " ind2=" ">
    <subfield code="a">iii, 157p. :</subfield>
    <subfield code="b">ill. ; 29cm.</subfield>
  </datafield>
  <datafield tag="500" ind1=" " ind2=" ">
    <subfield code="a">Includes bibliographical references </subfield>
  </datafield>
  <datafield tag="563" ind1=" " ind2=" ">
    <subfield code="a">(pbk.)</subfield>
  </datafield>
  <datafield tag="650" ind1=" " ind2=" ">
    <subfield code="a">Computer architecture </subfield>
    <subfield code="9">31677</subfield>
  </datafield>
  <datafield tag="856" ind1=" " ind2=" ">
    <subfield code="u">www.nou.edu.ng</subfield>
  </datafield>
  <datafield tag="942" ind1=" " ind2=" ">
    <subfield code="c">BK</subfield>
    <subfield code="n">0</subfield>
  </datafield>
  <datafield tag="999" ind1=" " ind2=" ">
    <subfield code="c">33185</subfield>
    <subfield code="d">33185</subfield>
  </datafield>
  <datafield tag="952" ind1=" " ind2=" ">
    <subfield code="0">0</subfield>
    <subfield code="1">0</subfield>
    <subfield code="2">lcc</subfield>
    <subfield code="4">0</subfield>
    <subfield code="7">0</subfield>
    <subfield code="a">ABJ</subfield>
    <subfield code="b">MAIN</subfield>
    <subfield code="d">2025-09-27</subfield>
    <subfield code="e">Legal deposit</subfield>
    <subfield code="i">280330</subfield>
    <subfield code="l">0</subfield>
    <subfield code="o">QA76.9.A73 N277</subfield>
    <subfield code="p">280330</subfield>
    <subfield code="r">2025-09-27 07:34:27</subfield>
    <subfield code="t">1</subfield>
    <subfield code="w">2025-09-27</subfield>
    <subfield code="y">BK</subfield>
  </datafield>
  <datafield tag="952" ind1=" " ind2=" ">
    <subfield code="0">0</subfield>
    <subfield code="1">0</subfield>
    <subfield code="2">lcc</subfield>
    <subfield code="4">0</subfield>
    <subfield code="7">0</subfield>
    <subfield code="a">ABAK</subfield>
    <subfield code="b">MAIN</subfield>
    <subfield code="d">2025-09-27</subfield>
    <subfield code="e">Legal deposit</subfield>
    <subfield code="i">280315</subfield>
    <subfield code="l">0</subfield>
    <subfield code="o">QA76.9.A73 N277</subfield>
    <subfield code="p">280315</subfield>
    <subfield code="r">2025-09-27 07:35:32</subfield>
    <subfield code="t">1</subfield>
    <subfield code="w">2025-09-27</subfield>
    <subfield code="y">BK</subfield>
  </datafield>
  <datafield tag="952" ind1=" " ind2=" ">
    <subfield code="0">0</subfield>
    <subfield code="1">0</subfield>
    <subfield code="2">lcc</subfield>
    <subfield code="4">0</subfield>
    <subfield code="7">0</subfield>
    <subfield code="a">ABE</subfield>
    <subfield code="b">MAIN</subfield>
    <subfield code="d">2025-09-27</subfield>
    <subfield code="e">Legal deposit</subfield>
    <subfield code="i">280312</subfield>
    <subfield code="l">0</subfield>
    <subfield code="o">QA76.9.A73 N277</subfield>
    <subfield code="p">280312</subfield>
    <subfield code="r">2025-09-27 07:35:51</subfield>
    <subfield code="t">1</subfield>
    <subfield code="w">2025-09-27</subfield>
    <subfield code="y">BK</subfield>
  </datafield>
  <datafield tag="952" ind1=" " ind2=" ">
    <subfield code="0">0</subfield>
    <subfield code="1">0</subfield>
    <subfield code="2">lcc</subfield>
    <subfield code="4">0</subfield>
    <subfield code="7">0</subfield>
    <subfield code="a">ASA</subfield>
    <subfield code="b">MAIN</subfield>
    <subfield code="d">2025-09-27</subfield>
    <subfield code="e">Legal deposit</subfield>
    <subfield code="i">280320</subfield>
    <subfield code="l">0</subfield>
    <subfield code="o">QA76.9.A73 N277</subfield>
    <subfield code="p">280320</subfield>
    <subfield code="r">2025-09-27 07:36:10</subfield>
    <subfield code="t">1</subfield>
    <subfield code="w">2025-09-27</subfield>
    <subfield code="y">BK</subfield>
  </datafield>
  <datafield tag="952" ind1=" " ind2=" ">
    <subfield code="0">0</subfield>
    <subfield code="1">0</subfield>
    <subfield code="2">lcc</subfield>
    <subfield code="4">0</subfield>
    <subfield code="7">0</subfield>
    <subfield code="a">BAU</subfield>
    <subfield code="b">MAIN</subfield>
    <subfield code="d">2025-09-27</subfield>
    <subfield code="e">Legal deposit</subfield>
    <subfield code="i">280313</subfield>
    <subfield code="l">0</subfield>
    <subfield code="o">QA76.9.A73 N277</subfield>
    <subfield code="p">280313</subfield>
    <subfield code="r">2025-09-27 07:37:16</subfield>
    <subfield code="t">1</subfield>
    <subfield code="w">2025-09-27</subfield>
    <subfield code="y">BK</subfield>
  </datafield>
  <datafield tag="952" ind1=" " ind2=" ">
    <subfield code="0">0</subfield>
    <subfield code="1">0</subfield>
    <subfield code="2">lcc</subfield>
    <subfield code="4">0</subfield>
    <subfield code="7">0</subfield>
    <subfield code="a">EDO</subfield>
    <subfield code="b">MAIN</subfield>
    <subfield code="d">2025-09-27</subfield>
    <subfield code="e">Legal deposit</subfield>
    <subfield code="i">280316</subfield>
    <subfield code="l">0</subfield>
    <subfield code="o">QA76.9.A73 N277</subfield>
    <subfield code="p">280316</subfield>
    <subfield code="r">2025-09-27 07:37:37</subfield>
    <subfield code="t">1</subfield>
    <subfield code="w">2025-09-27</subfield>
    <subfield code="y">BK</subfield>
  </datafield>
  <datafield tag="952" ind1=" " ind2=" ">
    <subfield code="0">0</subfield>
    <subfield code="1">0</subfield>
    <subfield code="2">lcc</subfield>
    <subfield code="4">0</subfield>
    <subfield code="7">0</subfield>
    <subfield code="a">DAM</subfield>
    <subfield code="b">MAIN</subfield>
    <subfield code="d">2025-09-27</subfield>
    <subfield code="e">Legal deposit</subfield>
    <subfield code="i">280324</subfield>
    <subfield code="l">0</subfield>
    <subfield code="o">QA76.9.A73 N277</subfield>
    <subfield code="p">280324</subfield>
    <subfield code="r">2025-09-27 07:38:40</subfield>
    <subfield code="t">1</subfield>
    <subfield code="w">2025-09-27</subfield>
    <subfield code="y">BK</subfield>
  </datafield>
  <datafield tag="952" ind1=" " ind2=" ">
    <subfield code="0">0</subfield>
    <subfield code="1">0</subfield>
    <subfield code="2">lcc</subfield>
    <subfield code="4">0</subfield>
    <subfield code="7">0</subfield>
    <subfield code="a">DUT</subfield>
    <subfield code="b">MAIN</subfield>
    <subfield code="d">2025-09-27</subfield>
    <subfield code="e">Legal deposit</subfield>
    <subfield code="i">280328</subfield>
    <subfield code="l">0</subfield>
    <subfield code="o">QA76.9.A73 N277</subfield>
    <subfield code="p">280328</subfield>
    <subfield code="r">2025-09-27 07:39:11</subfield>
    <subfield code="t">1</subfield>
    <subfield code="w">2025-09-27</subfield>
    <subfield code="y">BK</subfield>
  </datafield>
  <datafield tag="952" ind1=" " ind2=" ">
    <subfield code="0">0</subfield>
    <subfield code="1">0</subfield>
    <subfield code="2">lcc</subfield>
    <subfield code="4">0</subfield>
    <subfield code="7">0</subfield>
    <subfield code="a">UMU</subfield>
    <subfield code="b">MAIN</subfield>
    <subfield code="d">2025-09-27</subfield>
    <subfield code="e">Legal deposit</subfield>
    <subfield code="i">280317</subfield>
    <subfield code="l">0</subfield>
    <subfield code="o">QA76.9.A73 N277</subfield>
    <subfield code="p">280317</subfield>
    <subfield code="r">2025-09-27 07:39:37</subfield>
    <subfield code="t">1</subfield>
    <subfield code="w">2025-09-27</subfield>
    <subfield code="y">BK</subfield>
  </datafield>
  <datafield tag="952" ind1=" " ind2=" ">
    <subfield code="0">0</subfield>
    <subfield code="1">0</subfield>
    <subfield code="2">lcc</subfield>
    <subfield code="4">0</subfield>
    <subfield code="7">0</subfield>
    <subfield code="a">YOL</subfield>
    <subfield code="b">MAIN</subfield>
    <subfield code="d">2025-09-27</subfield>
    <subfield code="e">Legal deposit</subfield>
    <subfield code="i">280327</subfield>
    <subfield code="l">0</subfield>
    <subfield code="o">QA76.9.A73 N277</subfield>
    <subfield code="p">280327</subfield>
    <subfield code="r">2025-09-27 07:39:57</subfield>
    <subfield code="t">1</subfield>
    <subfield code="w">2025-09-27</subfield>
    <subfield code="y">BK</subfield>
  </datafield>
  <datafield tag="952" ind1=" " ind2=" ">
    <subfield code="0">0</subfield>
    <subfield code="1">0</subfield>
    <subfield code="2">lcc</subfield>
    <subfield code="4">0</subfield>
    <subfield code="7">0</subfield>
    <subfield code="a">ENU</subfield>
    <subfield code="b">MAIN</subfield>
    <subfield code="d">2025-09-27</subfield>
    <subfield code="e">Legal deposit</subfield>
    <subfield code="i">280308</subfield>
    <subfield code="l">0</subfield>
    <subfield code="o">QA76.9.A73 N277</subfield>
    <subfield code="p">280308</subfield>
    <subfield code="r">2025-09-27 07:40:18</subfield>
    <subfield code="t">1</subfield>
    <subfield code="w">2025-09-27</subfield>
    <subfield code="y">BK</subfield>
  </datafield>
  <datafield tag="952" ind1=" " ind2=" ">
    <subfield code="0">0</subfield>
    <subfield code="1">0</subfield>
    <subfield code="2">lcc</subfield>
    <subfield code="4">0</subfield>
    <subfield code="7">0</subfield>
    <subfield code="a">GUS</subfield>
    <subfield code="b">MAIN</subfield>
    <subfield code="d">2025-09-27</subfield>
    <subfield code="e">Legal deposit</subfield>
    <subfield code="i">280310</subfield>
    <subfield code="l">0</subfield>
    <subfield code="o">QA76.9.A73 N277</subfield>
    <subfield code="p">2025-280310</subfield>
    <subfield code="r">2025-09-27 07:41:06</subfield>
    <subfield code="t">1</subfield>
    <subfield code="w">2025-09-27</subfield>
    <subfield code="y">BK</subfield>
  </datafield>
  <datafield tag="952" ind1=" " ind2=" ">
    <subfield code="0">0</subfield>
    <subfield code="1">0</subfield>
    <subfield code="2">lcc</subfield>
    <subfield code="4">0</subfield>
    <subfield code="7">0</subfield>
    <subfield code="a">ILO</subfield>
    <subfield code="b">MAIN</subfield>
    <subfield code="d">2025-09-27</subfield>
    <subfield code="e">Legal deposit</subfield>
    <subfield code="i">280332</subfield>
    <subfield code="l">0</subfield>
    <subfield code="o">QA76.9.A73 N277</subfield>
    <subfield code="p">280332</subfield>
    <subfield code="r">2025-09-27 07:42:42</subfield>
    <subfield code="t">1</subfield>
    <subfield code="w">2025-09-27</subfield>
    <subfield code="y">BK</subfield>
  </datafield>
  <datafield tag="952" ind1=" " ind2=" ">
    <subfield code="0">0</subfield>
    <subfield code="1">0</subfield>
    <subfield code="2">lcc</subfield>
    <subfield code="4">0</subfield>
    <subfield code="7">0</subfield>
    <subfield code="a">JOS</subfield>
    <subfield code="b">MAIN</subfield>
    <subfield code="d">2025-09-27</subfield>
    <subfield code="e">Legal deposit</subfield>
    <subfield code="i">280331</subfield>
    <subfield code="l">0</subfield>
    <subfield code="o">QA76.9.A73 N277</subfield>
    <subfield code="p">280331</subfield>
    <subfield code="r">2025-09-27 07:43:12</subfield>
    <subfield code="t">1</subfield>
    <subfield code="w">2025-09-27</subfield>
    <subfield code="y">BK</subfield>
  </datafield>
  <datafield tag="952" ind1=" " ind2=" ">
    <subfield code="0">0</subfield>
    <subfield code="1">0</subfield>
    <subfield code="2">lcc</subfield>
    <subfield code="4">0</subfield>
    <subfield code="7">0</subfield>
    <subfield code="a">KAT</subfield>
    <subfield code="b">MAIN</subfield>
    <subfield code="d">2025-09-27</subfield>
    <subfield code="e">Legal deposit</subfield>
    <subfield code="i">280311</subfield>
    <subfield code="l">0</subfield>
    <subfield code="o">QA76.9.A73 N277</subfield>
    <subfield code="p">280311</subfield>
    <subfield code="r">2025-09-27 07:46:41</subfield>
    <subfield code="t">1</subfield>
    <subfield code="w">2025-09-27</subfield>
    <subfield code="y">BK</subfield>
  </datafield>
  <datafield tag="952" ind1=" " ind2=" ">
    <subfield code="0">0</subfield>
    <subfield code="1">0</subfield>
    <subfield code="2">lcc</subfield>
    <subfield code="4">0</subfield>
    <subfield code="7">0</subfield>
    <subfield code="a">KEB</subfield>
    <subfield code="b">MAIN</subfield>
    <subfield code="d">2025-09-27</subfield>
    <subfield code="e">Legal deposit</subfield>
    <subfield code="i">280314</subfield>
    <subfield code="l">0</subfield>
    <subfield code="o">QA76.9.A73 N277</subfield>
    <subfield code="p">280314</subfield>
    <subfield code="r">2025-09-27 07:47:05</subfield>
    <subfield code="t">1</subfield>
    <subfield code="w">2025-09-27</subfield>
    <subfield code="y">BK</subfield>
  </datafield>
  <datafield tag="952" ind1=" " ind2=" ">
    <subfield code="0">0</subfield>
    <subfield code="1">0</subfield>
    <subfield code="2">lcc</subfield>
    <subfield code="4">0</subfield>
    <subfield code="7">0</subfield>
    <subfield code="a">LAF</subfield>
    <subfield code="b">MAIN</subfield>
    <subfield code="d">2025-09-27</subfield>
    <subfield code="e">Legal deposit</subfield>
    <subfield code="i">280309</subfield>
    <subfield code="l">0</subfield>
    <subfield code="o">QA76.9.A73 N277</subfield>
    <subfield code="p">280309</subfield>
    <subfield code="r">2025-09-27 07:49:31</subfield>
    <subfield code="t">1</subfield>
    <subfield code="w">2025-09-27</subfield>
    <subfield code="y">BK</subfield>
  </datafield>
  <datafield tag="952" ind1=" " ind2=" ">
    <subfield code="0">0</subfield>
    <subfield code="1">0</subfield>
    <subfield code="2">lcc</subfield>
    <subfield code="4">0</subfield>
    <subfield code="7">0</subfield>
    <subfield code="a">LAG</subfield>
    <subfield code="b">MAIN</subfield>
    <subfield code="d">2025-09-27</subfield>
    <subfield code="e">Legal deposit</subfield>
    <subfield code="i">280326</subfield>
    <subfield code="l">0</subfield>
    <subfield code="o">QA76.9.A73 N277</subfield>
    <subfield code="p">280326</subfield>
    <subfield code="r">2025-09-27 07:50:13</subfield>
    <subfield code="t">1</subfield>
    <subfield code="w">2025-09-27</subfield>
    <subfield code="y">BK</subfield>
  </datafield>
  <datafield tag="952" ind1=" " ind2=" ">
    <subfield code="0">0</subfield>
    <subfield code="1">0</subfield>
    <subfield code="2">lcc</subfield>
    <subfield code="4">0</subfield>
    <subfield code="7">0</subfield>
    <subfield code="a">LOK</subfield>
    <subfield code="b">MAIN</subfield>
    <subfield code="d">2025-09-27</subfield>
    <subfield code="e">Legal deposit</subfield>
    <subfield code="i">280322</subfield>
    <subfield code="l">0</subfield>
    <subfield code="o">QA76.9.A73 N277</subfield>
    <subfield code="p">280322</subfield>
    <subfield code="r">2025-09-27 07:50:36</subfield>
    <subfield code="t">1</subfield>
    <subfield code="w">2025-09-27</subfield>
    <subfield code="y">BK</subfield>
  </datafield>
  <datafield tag="952" ind1=" " ind2=" ">
    <subfield code="0">0</subfield>
    <subfield code="1">0</subfield>
    <subfield code="2">lcc</subfield>
    <subfield code="4">0</subfield>
    <subfield code="7">0</subfield>
    <subfield code="a">MAI</subfield>
    <subfield code="b">MAIN</subfield>
    <subfield code="d">2025-09-27</subfield>
    <subfield code="e">Legal deposit</subfield>
    <subfield code="i">280319</subfield>
    <subfield code="l">0</subfield>
    <subfield code="o">QA76.9.A73 N277</subfield>
    <subfield code="p">280319</subfield>
    <subfield code="r">2025-09-27 07:50:57</subfield>
    <subfield code="t">1</subfield>
    <subfield code="w">2025-09-27</subfield>
    <subfield code="y">BK</subfield>
  </datafield>
  <datafield tag="952" ind1=" " ind2=" ">
    <subfield code="0">0</subfield>
    <subfield code="1">0</subfield>
    <subfield code="2">lcc</subfield>
    <subfield code="4">0</subfield>
    <subfield code="7">0</subfield>
    <subfield code="a">BEN</subfield>
    <subfield code="b">MAIN</subfield>
    <subfield code="d">2025-09-27</subfield>
    <subfield code="e">Legal deposit</subfield>
    <subfield code="i">280321</subfield>
    <subfield code="l">0</subfield>
    <subfield code="o">QA76.9.A73 N277</subfield>
    <subfield code="p">280321</subfield>
    <subfield code="r">2025-09-27 07:52:03</subfield>
    <subfield code="t">1</subfield>
    <subfield code="w">2025-09-27</subfield>
    <subfield code="y">BK</subfield>
  </datafield>
  <datafield tag="952" ind1=" " ind2=" ">
    <subfield code="0">0</subfield>
    <subfield code="1">0</subfield>
    <subfield code="2">lcc</subfield>
    <subfield code="4">0</subfield>
    <subfield code="7">0</subfield>
    <subfield code="a">MIN</subfield>
    <subfield code="b">MAIN</subfield>
    <subfield code="d">2025-09-27</subfield>
    <subfield code="e">Legal deposit</subfield>
    <subfield code="i">280318</subfield>
    <subfield code="l">0</subfield>
    <subfield code="o">QA76.9.A73 N277</subfield>
    <subfield code="p">280318</subfield>
    <subfield code="r">2025-09-27 07:52:23</subfield>
    <subfield code="t">1</subfield>
    <subfield code="w">2025-09-27</subfield>
    <subfield code="y">BK</subfield>
  </datafield>
  <datafield tag="952" ind1=" " ind2=" ">
    <subfield code="0">0</subfield>
    <subfield code="1">0</subfield>
    <subfield code="2">lcc</subfield>
    <subfield code="4">0</subfield>
    <subfield code="7">0</subfield>
    <subfield code="a">OWE</subfield>
    <subfield code="b">MAIN</subfield>
    <subfield code="d">2025-09-27</subfield>
    <subfield code="e">Legal deposit</subfield>
    <subfield code="i">280323</subfield>
    <subfield code="l">0</subfield>
    <subfield code="o">QA76.9.A73 N277</subfield>
    <subfield code="p">280323</subfield>
    <subfield code="r">2025-09-27 07:52:49</subfield>
    <subfield code="t">1</subfield>
    <subfield code="w">2025-09-27</subfield>
    <subfield code="y">BK</subfield>
  </datafield>
  <datafield tag="952" ind1=" " ind2=" ">
    <subfield code="0">0</subfield>
    <subfield code="1">0</subfield>
    <subfield code="2">lcc</subfield>
    <subfield code="4">0</subfield>
    <subfield code="7">0</subfield>
    <subfield code="a">PH</subfield>
    <subfield code="b">MAIN</subfield>
    <subfield code="d">2025-09-27</subfield>
    <subfield code="e">Legal deposit</subfield>
    <subfield code="i">280329</subfield>
    <subfield code="l">0</subfield>
    <subfield code="o">QA76.9.A73 N277</subfield>
    <subfield code="p">280329</subfield>
    <subfield code="r">2025-09-27 07:53:13</subfield>
    <subfield code="t">1</subfield>
    <subfield code="w">2025-09-27</subfield>
    <subfield code="y">BK</subfield>
  </datafield>
  <datafield tag="952" ind1=" " ind2=" ">
    <subfield code="0">0</subfield>
    <subfield code="1">0</subfield>
    <subfield code="2">lcc</subfield>
    <subfield code="4">0</subfield>
    <subfield code="7">0</subfield>
    <subfield code="a">YEN</subfield>
    <subfield code="b">MAIN</subfield>
    <subfield code="d">2025-09-27</subfield>
    <subfield code="e">Legal deposit</subfield>
    <subfield code="i">280325</subfield>
    <subfield code="l">0</subfield>
    <subfield code="o">QA76.9.A73 N277</subfield>
    <subfield code="p">280325</subfield>
    <subfield code="r">2025-09-27 07:53:35</subfield>
    <subfield code="t">1</subfield>
    <subfield code="w">2025-09-27</subfield>
    <subfield code="y">BK</subfield>
  </datafield>
</record>
